Ecce lignum crucis : (Record no. 75484)

MARC details
000 -LEADER
campo de control de longitud fija 01002nam a2200265 i 4500
001 - NÚMERO DE CONTROL
campo de control 75484
003 - IDENTIFICADOR DE NÚMERO DE CONTROL
campo de control ES-MaACL
005 - FECHA Y HORA DE LA ÚLTIMA TRANSACCIÓN
campo de control 20230906172455.0
007 - CAMPO FIJO DE DESCRIPCIÓN FÍSICA--INFORMACIÓN GENERAL
campo de control de longitud fija t|
008 - DATOS DE LONGITUD FIJA--INFORMACIÓN GENERAL
campo de control de longitud fija 141112s2014 sp a ||||1| spa d
020 ## - NÚMERO INTERNACIONAL ESTÁNDAR DEL LIBRO
Número Internacional Estándar del Libro 978-84-15027-50-8
080 ## - NÚMERO DE LA CLASIFICACIÓN DECIMAL UNIVERSAL
Número de la Clasificación Decimal Universal 27-528(043.2)
100 1# - ENTRADA PRINCIPAL--NOMBRE DE PERSONA
Nombre de persona Fernández Carranza, Antonio.
9 (RLIN) 155878
245 10 - MENCIÓN DEL TÍTULO
Título Ecce lignum crucis :
Resto del título venite, adoremus : el lenguaje ritual : principio interpretativo de la teología litúrgica del oficio romano de la Pasión del Señor /
Mención de responsabilidad, etc. Antonio Fernández Carranza.
260 ## - PUBLICACIÓN, DISTRIBUCIÓN, ETC.
Lugar de publicación, distribución, etc. Madrid :
Nombre del editor, distribuidor, etc. Ediciones Universidad de San Dámaso,
Fecha de publicación, distribución, etc. 2014.
300 ## - DESCRIPCIÓN FÍSICA
Extensión 617 p. ;
Dimensiones 23 cm.
490 1# - MENCIÓN DE SERIE
Mención de serie Dissertationes theologicae ;
Designación de volumen o secuencia 14
502 ## - NOTA DE TESIS
Nota de tesis Tesis--Universidad de San Damásco, 2014.
504 ## - NOTA DE BIBLIOGRAFÍA, ETC.
Nota de bibliografía, etc. Bibliografía: p. 15-45. Índice.
546 ## - NOTA DE IDIOMA
Nota de lengua/lenguaje Textos en español, griego y latín.
650 04 - PUNTO DE ACCESO ADICIONAL DE MATERIA--TÉRMINO DE MATERIA
Término de materia o nombre geográfico como elemento de entrada Liturgia de las horas.
9 (RLIN) 14684
830 0# - PUNTO DE ACCESO ADICIONAL DE SERIE-TÍTULO UNIFORME
Título uniforme Dissertationes theologicae ;
Designación de volumen o secuencia 14
9 (RLIN) 231255
852 ## - LOCALIZACIÓN
Ubicación ES-MaACL
Número de control de estantería N-6314
Holdings
Estatus retirado Estado de pérdida Estado de daño No para préstamo Biblioteca de origen Biblioteca actual Ubicación en estantería Fecha de adquisición Fuente de adquisición Total de préstamos Signatura topográfica completa Código de barras Visto por última vez Precio de reemplazo Tipo de ítem Koha
        Biblioteca del Ateneo de Madrid Biblioteca del Ateneo de Madrid Sala Pecera Depósito 2 17/01/2008     N-6314 1079009 23/02/2023 23/02/2023 Libro impreso